Statistiques concernant Carré magique

Cliquez ici pour prendre le quiz!

Statistiques générales

  • Ce quiz a été pris 212 fois
  • Le résultat moyen est 9 sur 10

Statistiques - réponses

NombreNombre% Correct
2525
98%
33
98%
1919
97%
22
97%
2323
97%
77
97%
1313
86%
66
84%
2424
83%
11
81%

Distribution des résultats

Percentile par nombre de réponses

% des personnes avec chaque résultat

Votre développement - résultats

Vous n’avez pas pris ce quiz